LEADER 01107nam0-22003971i-450- 001 990009505900403321 005 20111221162844.0 010 $a978-0-13-235850-7 010 $a0-13-235850-6 035 $a000950590 035 $aFED01000950590 035 $a(Aleph)000950590FED01 035 $a000950590 100 $a20111221d2009----km-y0itaa50------ba 101 0 $aeng 102 $aUS 105 $aa---a---001yy 200 1 $aQuantum chemistry$fIra N. Levine 205 $a6th ed. 210 $aUpper Saddle River (N.J.)$cPearson Prentice-Hall$dc2009 215 $ax, 751 p.$cill.$d24 cm 305 $aPearson International Edition 610 0 $aChimica quantistica 676 $a541.28$v21 700 1$aLevine,$bIra N.$027022 801 0$aIT$bUNINA$gRICA$2UNIMARC 901 $aBK 912 $a990009505900403321 952 $a541.28-LEV-2$b7101$fSC1 952 $a541.28-LEV-2A$b7102$fSC1 952 $a541.28-LEV-2B$b7103$fSC1 952 $a541.28-LEV-2C$b7104$fSC1 952 $a541.28-LEV-2D$b7105$fSC1 959 $aSC1 996 $aQuantum chemistry$973625 997 $aUNINA LEADER 03137nam 22007214a 450 001 9910449892703321 005 20210603023608.0 010 $a1-59875-015-1 010 $a0-520-93665-5 010 $a1-282-76277-X 010 $a9786612762772 024 7 $a10.1525/9780520936652 035 $a(CKB)1000000000008709 035 $a(EBL)224276 035 $a(OCoLC)475930404 035 $a(SSID)ssj0000274188 035 $a(PQKBManifestationID)11220259 035 $a(PQKBTitleCode)TC0000274188 035 $a(PQKBWorkID)10341572 035 $a(PQKB)11582325 035 $a(MiAaPQ)EBC224276 035 $a(OCoLC)52842809 035 $a(MdBmJHUP)muse30543 035 $a(DE-B1597)520019 035 $a(DE-B1597)9780520936652 035 $a(Au-PeEL)EBL224276 035 $a(CaPaEBR)ebr10048981 035 $a(CaONFJC)MIL276277 035 $a(EXLCZ)991000000000008709 100 $a20020410d2003 ub 0 101 0 $aeng 135 $aurun#---|u||u 181 $ctxt 182 $cc 183 $acr 200 10$aWorking-class heroes$b[electronic resource] $eprotecting home, community, and nation in a Chicago neighborhood /$fMaria Kefalas 210 $aBerkeley $cUniversity of California Press$dc2003 215 $a1 online resource (218 p.) 300 $aDescription based upon print version of record. 311 0 $a0-520-22787-5 311 0 $a0-520-23543-6 320 $aIncludes bibliographical references (p. 181-194) and index. 327 $tFront matter --$tCONTENTS --$tMAPS AND TABLES --$tACKNOWLEDGMENTS --$tINTRODUCTION. In Search of Working-Class Chicago --$tONE. Rethinking Race in the Ethnic White Enclave --$tTWO. A Precious Corner of the World --$tTHREE. Home, Sweet Home --$tFOUR. For Country and Home --$tCONCLUSION. The Last Garden --$tAppendix: In the Field --$tNotes --$tBIBLIOGRAPHY --$tINDEX 330 $aChicago's Southwest Side is one of the last remaining footholds for the city's white working class, a little-studied and little-understood segment of the American population. This book paints a nuanced and complex portrait of the firefighters, police officers, stay-at-home mothers, and office workers living in the stable working-class community known as Beltway. Building on the classic Chicago School of urban studies and incorporating new perspectives from cultural geography and sociology, Maria Kefalas considers the significance of home, community, and nation for Beltway residents. 606 $aWorking class$zIllinois$zChicago 606 $aSociology, Urban$zIllinois$zChicago 606 $aSocial values$zIllinois$zChicago 607 $aChicago (Ill.)$xSocial conditions 607 $aChicago (Ill.)$xRace relations 607 $aBeltway (Chicago, Ill.) 608 $aElectronic books. 615 0$aWorking class 615 0$aSociology, Urban 615 0$aSocial values 676 $a306/.09773/11 700 $aKefalas$b Maria$01041138 801 0$bMiAaPQ 801 1$bMiAaPQ 801 2$bMiAaPQ 906 $aBOOK 912 $a9910449892703321 996 $aWorking-class heroes$92478169 997 $aUNINA